Технология на машинната обработка на икономическата информация (Запис номер 117046)
[ съкратено ]
| 000 -Лидер | |
|---|---|
| Контролно поле с фиксирана дължина | 01865nam a2200337 c 4500 |
| 003 - Код на организацията, давaща контролен номер | |
| Контролно поле | BLK |
| 005 - Дата и час на последна редакция | |
| Контролно поле | 20180420231210.0 |
| 008 - Елементи от данни с фиксирана дължина | |
| fixed length control field | 180409b bul|||||r ||||||| ||bul|| |
| 010 ## - Наследен системен номер | |
| LC control number | KNG00122621000 |
| 040 ## - Източник на каталожния запис | |
| Идентификатор на билиотеката - собственик на записа | BLK |
| 041 ## - Код за език | |
| Код за езика на текст/звукозапис или на отделно заглавие | Български |
| Код за езика КДБФ | Български |
| 080 ## - УДК | |
| Текстов определител УДК | Автоматизация |
| УДК код - определител по УДК | 005.591.6 |
| УДК определител | (075.8) |
| УДК - код + определител | 005.591.6(075.8) |
| 080 ## - УДК | |
| Текстов определител УДК | Електронно-изчислителни машини и калкулатори. Общи въпроси |
| УДК код - определител по УДК | 681.31 |
| УДК определител | (075.8) |
| УДК - код + определител | 681.31(075.8) |
| 100 1# - Редна дума - Автор | |
| Автор | Айков, Стоян Ангелов |
| Авторска отговорност | първи автор |
| R(LIN) | 29782 |
| 139 ## - Редно поле | |
| Редна дума | Айков, Стоян Ангелов и др. |
| Авторски знак | Аи - А 37 |
| 245 10 - Сведения за заглавието | |
| Заглавие | Технология на машинната обработка на икономическата информация |
| Подзаглавни данни | Учебник за студентите от ВИИ К. Маркс - София |
| Редно поле (дума) | Стоян Ангелов Айков; съавт. Ради Кабаиванов; съавт. Стефан Дражев. |
| 257 ## - Страна на издаване | |
| Страна на създаване/издаване | България |
| 260 ## - Област на издателските данни | |
| -- | София |
| Име на издателя, разпространителя и проч. | Наука и изкуство |
| Година на издаване | 1984 |
| 300 ## - Физическа характеристика | |
| Страници | 260 с. |
| Илюстрации и др. | с табл., диагр., сх. |
| Размери/Мащаб | 22 см |
| 380 ## - Жанр | |
| Жанр | Техника |
| 500 ## - Общи забележки | |
| Забележка | Пълното име на третия авт. е Стефан Дражев Василев. - Библиогр. с. 255-256. |
| 650 #4 - Допълнително описание по предмет – тема | |
| Основно описание – тема или топоним | Икономическа информация - обработка на електронноизчислителни машини - учебници за ВУЗ |
| 9 (RLIN) | 244913 |
| 650 #4 - Допълнително описание по предмет – тема | |
| Основно описание – тема или топоним | Изчислителни машини, електронни |
| 9 (RLIN) | 258606 |
| 700 1# - Други автори (авторска отговорност) | |
| Лично име | Кабаиванов, Ради |
| Автороска отговорност (Описва отношението между автора и произведението) | съавт. |
| 9 (RLIN) | 315013 |
| 700 1# - Други автори (авторска отговорност) | |
| Лично име | Дражев, Стефан |
| Автороска отговорност (Описва отношението между автора и произведението) | съавт. |
| 9 (RLIN) | 315014 |
| 852 ## - Местоположение | |
| Форматна сигнатура | Цб 125056 |
| 856 4# - Електронен адрес и достъп | |
| Електронен формат | pdf - файл |
| Път до файла /url/ | |
| 856 4# - Електронен адрес и достъп | |
| Електронен формат | pdf - файл |
| Път до файла /url/ | |
| 942 ## - АРТИКУЛИ | |
| Вид на библиотечния материал | Книги |
| Скрит в OPAC | Не |
| 944 ## - СЪЗДАВАНЕ И РЕДАКЦИЯ на ЗАПИСА | |
| Създаване/Редакция | Създаване |
| Дата на регистрацията/редакция | 04.04.2011 |
| Статус, дата на статуса | добави в АБ / 01.04.2011 |
| Служител, извършил регистрацията/редакцията | Кети_Илиева |
| 944 ## - СЪЗДАВАНЕ И РЕДАКЦИЯ на ЗАПИСА | |
| Създаване/Редакция | Редакция |
| Дата на регистрацията/редакция | 04.04.2011 |
| Статус, дата на статуса | добави в АБ / 01.04.2011 |
| Служител, извършил регистрацията/редакцията | |
| 999 ## - СИСТЕМНИ КОНТРОЛНИ НОМЕРА | |
| Koha biblionumber | 117046 |
| Koha biblioitemnumber | 117046 |
| Код за отписване | Код за изгубен артикул | Източник на класификационната схема | Код за повреда | Коз за рестрикции | Код за отдаване | Артикулен № | Име на библиотеката - собственик | Име на библиотеката, в която се намира в момента | Статус (Текущо местоположение) | Дата на вписване в системата | Местоположение - отдел | Цена в лева | Инвентарен номер | Систематично азбучна сигнатура | Баркод | Номер на екземпляра | Цена в евро | Служебна бележка | Служебен тип на артикула |
|---|---|---|---|---|---|---|---|---|---|---|---|---|---|---|---|---|---|---|---|
| Не е изгубен | Universal Decimal Classification | Не е повреден | без рестрикции | ползва се в читалня | 188669 | Регионална библиотека "Любен Каравелов" Русе | Регионална библиотека "Любен Каравелов" Русе | Хранилище | 1984-01-01 | Хранилище | 1.04 | 391542 | Цб 125056 | 900000013727 | 1 | 0.53 | Вид: Сф Дата: 01.01.1984 | Книги | |
| Изтеглен | Не е изгубен | Universal Decimal Classification | Не е повреден | без рестрикции | заемане за дома | 188670 | Регионална библиотека "Любен Каравелов" Русе | Регионална библиотека "Любен Каравелов" Русе | Заемна - подръчен фонд | 1984-01-01 | Заемна - подръчен фонд | 1.04 | 440124 | П 65.011/А 37 | 440124 | 2 | 0.53 | Вид: Сф Дата: 01.01.1984 | Книги |
| Изтеглен | Не е изгубен | Universal Decimal Classification | Не е повреден | без рестрикции | заемане за дома | 188671 | Регионална библиотека "Любен Каравелов" Русе | Регионална библиотека "Любен Каравелов" Русе | Заемна - подръчен фонд | 1984-01-01 | Заемна - подръчен фонд | 1.04 | 440125 | П 65.011/А 37 | 440125 | 3 | 0.53 | Вид: Сф Дата: 01.01.1984 | Книги |
| Изтеглен | Не е изгубен | Universal Decimal Classification | Не е повреден | без рестрикции | заемане за дома | 188672 | Регионална библиотека "Любен Каравелов" Русе | Регионална библиотека "Любен Каравелов" Русе | Заемна - подръчен фонд | 1984-01-01 | Заемна - подръчен фонд | 1.04 | 440126 | П 65.011/А 37 | 440126 | 4 | 0.53 | Вид: Сф Дата: 01.01.1984 | Книги |